Hội nghị cải tiến phương pháp học tập
Tài liệu gồm 8 bài của các Đoàn khoa trong trường bàn về phương pháp học tập. Các bài chỉ dừng lại ở mức tổ chức chung; chưa đi sâu vào các phương pháp học tập tốt cụ thể
محفوظ في:
| المؤلف الرئيسي: | |
|---|---|
| التنسيق: | كتاب |
| اللغة: | Undetermined |
| منشور في: |
Cần Thơ
Đoàn TNCSHCM
1999
|
| الموضوعات: | |
| الوسوم: |
إضافة وسم
لا توجد وسوم, كن أول من يضع وسما على هذه التسجيلة!
|
| Thư viện lưu trữ: | Trung tâm Học liệu Trường Đại học Cần Thơ |
|---|
| LEADER | 00891nam a2200193Ia 4500 | ||
|---|---|---|---|
| 001 | CTU_35267 | ||
| 008 | 210402s9999 xx 000 0 und d | ||
| 082 | |a 371.3 | ||
| 082 | |b H452/1999 | ||
| 100 | |a Trường Đại học Cần Thơ | ||
| 245 | 0 | |a Hội nghị cải tiến phương pháp học tập | |
| 245 | 0 | |c Trường Đại học Cần Thơ, Đoàn TNCSHCM | |
| 260 | |a Cần Thơ | ||
| 260 | |b Đoàn TNCSHCM | ||
| 260 | |c 1999 | ||
| 520 | |a Tài liệu gồm 8 bài của các Đoàn khoa trong trường bàn về phương pháp học tập. Các bài chỉ dừng lại ở mức tổ chức chung; chưa đi sâu vào các phương pháp học tập tốt cụ thể | ||
| 650 | |a study skills | ||
| 904 | |i Nguyễn Quang Điền, 000223 | ||
| 980 | |a Trung tâm Học liệu Trường Đại học Cần Thơ | ||